000 00681nam a2200277Ia 4500
005 20260324142517.0
008 008 260324s9999 xx 000 0 eng d
020 _a9780203772737
037 _aEBOOK
040 _aCRL
040 _beng
040 _cCRL
041 _2eng
041 _aeng
084 _qCRL
100 _aRoss D. Parke; Sheppard G. Kellam
_91212205
245 0 _aExploring Family Relationships With Other Social Contexts
260 _bTaylor and Francis
260 _c1994
365 _a
365 _b58.99
856 _uhttp://www.taylorfrancis.com/books/9780203772737
942 _cEBOOK
999 _c1816494
_d1816494